00382nam a2200109Ia 4500082001200000100001900012245008600031260003800117300001000155650005400165650005300219 aTV.0006 aVerma, Krishna 0aStudy of factor affecting literacy programmes in tribal areas of Himachal Pradesh c1986bHimachal Pradesh University a187p. aTRIBES AND TRIBALS - EDUCATION - HIMACHAL PRADESH aTRIBAL EDUCATION//TRIBES AND TRIBALS - EDUCATION